The age of migration : international population movements in the modern world
Αποθηκεύτηκε σε:
| Κύριος συγγραφέας: | |
|---|---|
| Άλλοι συγγραφείς: | |
| Μορφή: | Βιβλίο |
| Γλώσσα: | English |
| Δημοσίευση: |
New York :
Guilford Press,
2003
|
| Έκδοση: | 3rd ed. |
| Θέματα: | |
| Ετικέτες: |
Προσθήκη ετικέτας
Δεν υπάρχουν, Καταχωρήστε ετικέτα πρώτοι!
|
MARC
| LEADER | 00000nam a2200000 i 4500 | ||
|---|---|---|---|
| 001 | 1/69397 | ||
| 008 | 080107s2003 eng d | ||
| 020 | |a 1-57230-900-8 (pbk) | ||
| 020 | |a 978-157230-900-5 (pbk.) | ||
| 035 | |l 10093403 | ||
| 040 | |a GR-MY-UA |b gre |e aacr | ||
| 041 | 0 | |a eng | |
| 082 | 0 | |a 304.82 |2 (22) | |
| 100 | 1 | |a Castles, Stephen. | |
| 245 | 1 | 4 | |a The age of migration : |b international population movements in the modern world / |c Stephen Castles, Mark J. Miller |
| 250 | |a 3rd ed. | ||
| 260 | |a New York : |b Guilford Press, |c 2003 | ||
| 300 | |a xiii, 338 σ.; |b εικ., πίν.; |c 24 εκ. | ||
| 504 | |a Βιβλιογραφία: σ. 291-316 | ||
| 504 | |a Ευρετήριο: σ. 317-338 | ||
| 650 | 0 | 0 | |a Emigration and immigration. |
| 650 | 0 | 0 | |a Migrant labor. |
| 650 | 0 | 0 | |a Social classes. |
| 650 | 0 | 0 | |a Minorities. |
| 650 | 0 | 0 | |a Community development. |
| 700 | 1 | |a Miller, Mark J. | |
| 852 | |a INST |b LESVOS |e 20080107 |h 304.82 CAS |p 005100040832 |q 005100040832 |t BK |y 0 | ||
| 852 | |a INST |b LESVOS |e 20080516 |h 304.82 CAS |p 005100042383 |q 005100042383 |t BK |y 0 | ||
| 901 | |a BIBL1-2008-1 | ||
| 901 | |a BIBL1-2008-2 | ||
| 909 | |a Λ |b 142692 | ||
| 909 | |a Λ |b 144065 | ||
| 922 | |a 1ΕΛΗ |b 200712 |c ΕΠΕΑΕΚ2/ΤΚΑ |d ΕΛΕΥΘΕΡΟΥΔΑΚΗΣ | ||
| 922 | |a 1ΕΛΗ |b 200801 |c ΕΠΕΑΕΚ2/ΤΚΑ |d ΠΑΠΑΣΩΤΗΡΙΟΥ | ||
| 970 | |a ΧΑΤΖΗΜΙΧΑΗΛ |b ΜΑΡΙΑ |z 2008/01/07 | ||